000 00627nam a2200181 a 4500
001 BRCA_2862
005 20190320204014.0
008 101208s1859----pau#---###---#000-0#eng-u
050 4 _aF1230
_b.W55 1859
100 1 _aWilson, Robert Anderson
_d1812-1872
_97997
245 1 0 _aA new history of the conquest of México, in which Las Casas denunciations of the popular historians of that war are fully vindicated
_cby Robert Anderson Wilson.
260 _aPhiladelphia, Pensilvania
_bJ. Challen
_c1859
300 _aiv, 539 p.
_bil.
_c25 cm.
500 _aB14
651 4 _aMéxico
_xHistoria
_9614
902 _aGFM
942 _2lcc
_cB
999 _c2601
_d2601